| 000 | 00648nam a22001817a 4500 | ||
|---|---|---|---|
| 003 | OSt | ||
| 005 | 20260414150610.0 | ||
| 008 | 260414b |||||||| |||| 00| 0 eng d | ||
| 020 | _a9780367646691 | ||
| 040 | _cm | ||
| 082 | _a690.028 W913 2024 | ||
| 100 | _aWoolley, Tom | ||
| 245 |
_aBuilding Materials, Health and Indoor Air Quality: Volume 2 / _cTom Woolley. |
||
| 260 | _bRoutledge (Taylor & Francis Ltd), London, United Kingdom, 2024 | ||
| 300 | _a234 pages 24 cm | ||
| 650 | _aBuilding materials; indoor air quality; healthy buildings; construction health & safety; environmental design; sustainable construction. | ||
| 942 |
_2ddc _cBK-EN _n0 |
||
| 999 |
_c8897 _d8897 |
||